000 00934nam a2200253 i 4500
001 bg
100 1 _aZAWADZKI, Jan
245 1 0 _aModelowanie predyktywne i prognozowanie zjawisk w skali mikroekonomicznej /
_cJan Zawadzki.
260 _aSzczecin :
_bWydaw. Naukowe US,
_c1996.
300 _a230 s. :
_bwykr. ;
_c24 cm.
490 1 _aRozprawy i Studia / Uniwersytet Szczeciński,
_x0860-2751 ;
_vt. 228
500 _aNa s. tyt. także t. 320 oznaczający nr kolejny serii Rozprawy i Studia do nr 74 wydawanej przez WSP w Szczecinie.
504 _aBibliogr. s. 217-226. - Summ.
650 9 _aEkonometria
_xmetody
650 9 _aPrzedsiębiorstwo
_xprognozy
_xmetody
830 0 _aRozprawy i Studia (Uniwersytet Szczeciński) ;
_vt. 228
020 _a8386745622
040 _cBPK
041 0 _apl
_ben
080 _a658.1/.5.001.18:519.86
920 _a83-86745-62-2
942 _cKS
008 s pl f |000 0 pol
999 _c31720
_d31720
856 _uhttp://koha.tu.koszalin.pl/cgi-bin/koha/opac-detail.pl?biblionumber=31720
_yKatalog online BPK